| 000 | 00637nam a2200205 a 4500 | ||
|---|---|---|---|
| 001 | BRL_1760 | ||
| 005 | 20190320211345.0 | ||
| 008 | 280715s1977----mx-o######---#000-0#spa-# | ||
| 041 | _aspa | ||
| 044 | _amx | ||
| 050 | 4 |
_aPM4065 _b.H33 1977 |
|
| 245 | 1 | 0 |
_aHablamos náhuatl y castellano _bfrases útiles en el idioma náhuatl de la Huasteca y en español. |
| 260 |
_aMéxico _bInstituto Linguístico de Verano _c1977 |
||
| 300 |
_a61 p. _bil. _c20 cm. |
||
| 500 | _aAu1973 | ||
| 650 | 1 | 4 |
_aNáhuatl _xGlosarios, vocabularios, etc. _927806 |
| 650 | 1 | 4 |
_aEspañol _xGlosarios, vocabularios, etc. _927807 |
| 902 | _aGRL | ||
| 942 |
_2lcc _cB |
||
| 999 |
_c10568 _d10568 |
||